000 01056nam a2200169Ia 4500
008 090711s9999 xx 000 0 und d
082 _b62486
100 _aबेहेरे माधव उाgऎ.
245 _a"तुमSाा जन्मरवि म्हणजेSा तुमSया जन्मतारखेवरु न, विविध प्रकारSो मार्गदर्शन"
260 _bरमेश विठठ्ल रघुवंशी
_c1971
300 _a192
600 _aबेहेरे माधव उाgऎ.
630 _a"तुमSाा जन्मरवि म्हणजेSा तुमSया जन्मतारखेवरु न, विविध प्रकारSो मार्गदर्शन"
700 _aबेहेरे माधव उाgऎ.
730 _a"तुमSाा जन्मरवि म्हणजेSा तुमSया जन्मतारखेवरु न, विविध प्रकारSो मार्गदर्शन"
942 _cBOOK
999 _c309094
_d309094